Náklady na imidž podnikateľa

Vymedzenie niektorých ďalších daňovouznateľných výdavkov (výdavkov - nákladov nutných podľa daňového práva) na dosiahnutie, zabezpečenie a udržanie príjmov. Niektoré špecifiká v oblasti povolania tzv. "show-biznisu ". Zvýšená náročnosť i nákladovosť na tzv. imidž slobodných umelcov. Základná štruktú...

Full description

Saved in:
Bibliographic Details
Main Author: Burák, Emil
Format: Book Chapter
Language:Slovak
Subjects:
Tags: Add Tag
No Tags, Be the first to tag this record!

MARC

LEADER 00000naa a2200000 4500
001 r033286
005 20230926073121.2
041 0 |a slo 
044 |a SK 
245 1 0 |a Náklady na imidž podnikateľa  |c Emil Burák 
520 |a Vymedzenie niektorých ďalších daňovouznateľných výdavkov (výdavkov - nákladov nutných podľa daňového práva) na dosiahnutie, zabezpečenie a udržanie príjmov. Niektoré špecifiká v oblasti povolania tzv. "show-biznisu ". Zvýšená náročnosť i nákladovosť na tzv. imidž slobodných umelcov. Základná štruktúra nákladov na imidž. Ostražitosť daňovej kontroly pri zamedzení aplikácii osobnej spotreby medzi daňovouznateľné výdavky. problematika preukázania nákladov na imidž podnikateľa (NIP). Praktický príklad. 
610 2 0 |a imidž 
610 2 0 |a náklady 
610 2 0 |a výdavky 
610 2 0 |a umelci 
610 2 0 |a podnikatelia 
610 2 0 |a dane z príjmov 
100 1 |a Burák, Emil